[Event "POL-ch U18"]
[Site "Czestochowa"]
[Date "1992.??.??"]
[Round "1"]
[White "Maslej, Miroslaw"]
[Black "Oliwa, Marek"]
[Result "1-0"]
[WhiteElo "2210"]
[BlackElo "2235"]
[PlyCount "145"]
[EventDate "1992.??.??"]
[EventType "tourn"]
[EventRounds "11"]
[EventCountry "POL"]
[EventCategory "2"]
[SourceTitle "EXT 2002"]
[Source "ChessBase"]
[SourceDate "2001.11.25"]
[SourceVersion "1"]
[SourceVersionDate "2001.11.25"]
[SourceQuality "1"]

1. e4 Nf6 2. e5 Nd5 3. d4 d6 4. Nf3 Nb6 5. Be2 Nc6 6. exd6 Qxd6 7. c4 Qg6 8. 0-0 Bg4 9. d5 Bxf3 10. Bxf3 Ne5 11. c5 Nbd7 12. Bh5 Qf5 13. c6 bxc6 14. f4 Nd3 15. Nc3 Nf6 16. Bf3 Nxc1 17. Rxc1 Qxf4 18. d6 0-0-0 19. Bxc6 Qxd6 20. Qa4 Qd4+ 21. Qxd4 Rxd4 22. Nb5 Rb4 23. a3 Rxb5 24. Bxb5 e6 25. Rfd1 Nd5 26. Bc6 Bd6 27. Bxd5 exd5 28. Rxd5 Kd7 29. g3 Rb8 30. Rc2 Rb6 31. Kf2 Ke6 32. Ra5 a6 33. Re2+ Kd7 34. Kf3 f6 35. Ke4 Be5 36. b4 Ke6 37. Rc2 h5 38. Rac5 Kd6 39. Kf5 Ke7 40. Kg6 Kf8 41. Rc6 Rb8 42. Rxa6 h4 43. gxh4 Rd8 44. Rac6 Rd4 45. R6c4 Rd3 46. Ra2 Rd1 47. a4 Ke7 48. h3 Ke6 49. b5 Rg1+ 50. Rg4 Rb1 51. Rf2 Rd1 52. h5 Rd8 53. h6 gxh6 54. Kh5 Rd5 55. Kxh6 Rd8 56. Kh7 f5 57. Rg8 Rd4 58. Rg6+ Bf6 59. Rc2 Rd7+ 60. Kh6 Kf7 61. Rc5 Bd4 62. Rxf5+ Ke7 63. Rfg5 Rd8 64. Rg8 Rd6+ 65. R5g6 Rd5 66. Rg3 Rf5 67. Kg6 Rf6+ 68. Kh5 c6 69. R3g7+ Ke6 70. bxc6 Rf3 71. c7 Rxh3+ 72. Kg4 Rc3 73. Rh7 1-0

[Event "POL-ch U18"]
[Site "Czestochowa"]
[Date "1992.??.??"]
[Round "3"]
[White "Muc, Tomasz"]
[Black "Maslej, Miroslaw"]
[Result "0-1"]
[WhiteElo "2245"]
[BlackElo "2210"]
[PlyCount "40"]
[EventDate "1992.??.??"]
[EventType "tourn"]
[EventRounds "11"]
[EventCountry "POL"]
[EventCategory "2"]
[SourceTitle "EXT 2002"]
[Source "ChessBase"]
[SourceDate "2001.11.25"]
[SourceVersion "1"]
[SourceVersionDate "2001.11.25"]
[SourceQuality "1"]

1. e4 c5 2. Nf3 e6 3. d4 cxd4 4. Nxd4 a6 5. c4 Nf6 6. Nc3 Qc7 7. Be2 Bb4 8. 0-0 Bxc3 9. bxc3 Nxe4 10. Ba3 d6 11. Bf3 Nc5 12. Qd2 Bd7 13. Rab1 Nc6 14. Rfd1 Ne5 15. Bxc5 dxc5 16. Nb3 Nxf3+ 17. gxf3 0-0-0 18. Qd6 Qxd6 19. Rxd6 Kc7 20. Rbd1 b6 0-1

[Event "Katowice op"]
[Site "Katowice"]
[Date "1991.??.??"]
[Round "1"]
[White "Arbakov, Valentin"]
[Black "Maslej, Miroslaw"]
[Result "1-0"]
[WhiteElo "2485"]
[BlackElo "2220"]
[PlyCount "69"]
[EventDate "1991.??.??"]
[EventType "swiss"]
[EventRounds "11"]
[EventCountry "POL"]
[SourceTitle "EXT 1997"]
[Source "ChessBase"]
[SourceDate "1996.11.15"]
[SourceVersion "1"]
[SourceVersionDate "1996.11.15"]
[SourceQuality "1"]

1. c4 Nf6 2. Nc3 e6 3. Nf3 c5 4. g3 b6 5. Bg2 Bb7 6. 0-0 Be7 7. d4 cxd4 8. Qxd4 d6 9. b3 a6 10. Ba3 Nc6 11. Qe3 0-0 12. Rfd1 Qc7 13. Rac1 Nb8 14. Qd4 Ne8 15. Qe3 Nd7 16. Nd5 Qd8 17. Nxe7+ Qxe7 18. Bxd6 Nxd6 19. Qd2 Nxc4 20. Qxd7 Qxd7 21. Rxd7 Bxf3 22. exf3 Ne5 23. Rd6 Rab8 24. f4 Ng4 25. Rcc6 b5 26. Rxa6 g6 27. Rdb6 Rfd8 28. Rxb8 Rxb8 29. Ra8 Rxa8 30. Bxa8 b4 31. Bf3 Nf6 32. Kf1 Nd7 33. Ke2 Nc5 34. Ke3 Kf8 35. Kd4 1-0